000 01013cam a22002411 4500
001 sa 68004058
003 DLC
005 20260227112458.0
008 711020s1967 pk a 100 0 eng
010 _asa 68004058
025 _aPL480:P-E-1199
040 _aDLC
_cDLC
_dDLC
041 0 _aengurd
050 0 0 _aZ120
_b.P25 1967
111 2 _aPakistan Printing & Graphic Arts Exhibition and Seminar
_b(1st :
_c1967 :
_dKarachi, Pakistan)
245 1 0 _aSouvenir of first Pakistan Printing & Graphic Arts Exhibition and Seminar, 13th March-16th March, 1967,
_bunder the auspices of Pakistan Association of Printing and Graphic Arts Industry.
260 _aKarachi,
_bMazhar Yousuf for Pakistan Association of Printing and Graphic Arts Industry (Karachi Zone)
_c1967.
300 _a112 p.
_billus.
_c29 cm.
500 _a"Organized by PAPGAI (Karachi Zone)"
500 _aEnglish or Urdu.
650 0 _aPrinting
_xCongresses.
710 2 _aPakistan Association of Printing and Graphic Arts Industry.
_bKarachi Zone.
999 _c79935
_d79935